Las extrañas aventuras de Solomon Kane /
Guardado en:
| Autor principal: | |
|---|---|
| Formato: | Libro |
| Idioma: | Español |
| Publicado: |
Madrid, España :
Valdemar,
2003, c2003
|
| Colección: | (Valdemar Gótica ;
51) |
| Temas: | |
| Etiquetas: |
Sin etiquetas, Sé el primero en etiquetar este registro!
|
MARC
| LEADER | 00000nam^a2200000^a^4500 | ||
|---|---|---|---|
| 001 | 000163800 | ||
| 005 | 20250521000000.0 | ||
| 009 | 20260310100921.878 | ||
| 020 | |a 84-7702-457-X | ||
| 037 | |a Acervo ITESO - Biblioteca | ||
| 041 | |a ESP | ||
| 082 | |a 813. |b HOW | ||
| 100 | |a Howard, Robert E. |e (autor) | ||
| 245 | 1 | 4 | |a Las extrañas aventuras de Solomon Kane / |c R.E. Howard ; tr. por León Arsenal. |
| 264 | 4 | |a Madrid, España : |b Valdemar, |c 2003, c2003 | |
| 300 | |a 286 p. | ||
| 336 | |a texto |b txt |2 rdacontenido | ||
| 337 | |a sin mediación |b n |2 rdamedio | ||
| 338 | |a volumen |b nc |2 rdasoporte | ||
| 440 | 1 | |a (Valdemar Gótica ; |v 51) | |
| 545 | 0 | |a Robert E. Howard (1906-1936) fue un escritor estadounidense de fantasía heroica considerado como el padre del subgénero literario llamado Espada y brujería, que describe aventuras belicosas de héroes de larga vida en un pasado remoto y ficticio contra enemigos mágicos o sobrenaturales. Creador de un sinnúmero de personajes míticos, entre los que destacan Kull de Atlantis, Solomon Kane y, sobre todo Conan el Cimmerio o Conan el Bárbaro, que ha sido adaptado para cómics, cine, televisión, videojuegos, etc. Sus obras se publicaron en revistas populares como Weird Tales; en sus relatos, en los que predomina una idea de barbarie sobre la civilización, se habla de mundos donde la mejor solución a los problemas es la violencia y donde el oro, las joyas y las mujeres hermosas son la recompensa del héroe. Entre sus abundantes obras se encuentran: Sombras rojas (1928), La sombra del buitre (1934), Halcón de las colinas (1935) y las que se han considerado sus mejores obras: Más allá del río Negro (1935) y Clavos rojos (1936). | |
| 649 | |a XX | ||
| 650 | |a Cuentos Norteamericanos | ||
| 650 | |a Literatura Norteamericana - |y Siglo XX | ||
| 650 | |a Literatura Fantástica - |z EUA | ||
| 650 | |a Literatura Policíaca y de Misterio - |z EUA | ||
| 910 | |a Fondo General | ||
| 920 | |a Impresos - Libros | ||
| 930 | |a Colección General | ||
| 940 | |a Literatura | ||
| 905 | |a 101 | ||
| 901 | |a 0500097726 |b IT1 |c LIT |u 20250521 | ||
| 902 | |a https://opac.biblio.iteso.mx/vufind/Record/000163800 | ||